Districts of São Tomé and Príncipe - Statistics

General Stats
  • This quiz has been taken 10 times
  • The average score is 6 of 7
Answer Stats
Area Population District % Correct
17 km² 73,100 Água Grande
100%
119 km² 18,200 Cantagalo
88%
267 km² 6,900 Caué
88%
230 km² 15,400 Lembá
88%
105 km² 20,000 Lobata
88%
122 km² 46,300 Mé-Zóchi
88%
142 km² 7,500 Pagué
50%
No matching quizzes found
Score Distribution
Percent of People with Each Score
Percentile by Number Answered
Your Score History
You have not taken this quiz